[Event "45th Olympiad 2024"]
[Site "Budapest HUN"]
[Date "2024.09.14"]
[Round "4.14"]
[Board "2"]
[White "Lazov, Toni"]
[Black "Van Foreest, Jorden"]
[Result "1/2-1/2"]
[WhiteElo "2360"]
[BlackElo "2696"]
[PlyCount "65"]
[EventDate "2024.09.11"]
[WhiteTeam "North Macedonia"]
[BlackTeam "Netherlands"]
[BlackTeamCountry "NED"]

1. e4 c5 2. Nf3 Nc6 3. Bb5 e6 4. Bxc6 bxc6 5. b3 Ne7 6. O-O Ng6 7. Bb2 f6 8. e5 Be7 9. Na3 O-O 10. Nc4 fxe5 11. Nfxe5 Nxe5 12. Nxe5 Bf6 13. f4 d6 14. Nc4 Bxb2 15. Nxb2 Qf6 $146 ({RR} 15... Ba6 16. d3 Qf6 17. Nc4 Qd4+ 18. Kh1 Bxc4 19. dxc4 Rxf4 20. Rxf4 Qxf4 21. Qe2 Qf6 22. Re1 Re8 23. Rd1 Qe7 24. h3 e5 25. Qe4 Qd7 26. a3 a5 27. Kg1 Re6 28. c3 g6 29. b4 cxb4 30. cxb4 {½-½ Brochet,P (2369)-Maze,S (2279) FRA-ch Accession 2001 (9)}) 16. c3 Ba6 17. Rf3 e5 18. fxe5 Qxe5 19. Qe1 Qd5 20. Rxf8+ Rxf8 21. Qe3 Qf7 22. d3 Qf6 23. Qd2 h5 24. Re1 h4 25. h3 Bc8 26. Nd1 d5 27. Nf2 Bf5 28. d4 cxd4 29. cxd4 Bd7 30. Re5 a5 31. Qe3 Rf7 32. Nd3 Rf8 33. Nc5 1/2-1/2

[Event "45th Olympiad 2024"]
[Site "Budapest HUN"]
[Date "2024.09.14"]
[Round "4.14"]
[Board "3"]
[White "Warmerdam, Max"]
[Black "Risteski, Emil"]
[Result "1-0"]
[WhiteElo "2679"]
[BlackElo "2367"]
[PlyCount "85"]
[EventDate "2024.09.11"]
[WhiteTeam "Netherlands"]
[BlackTeam "North Macedonia"]
[WhiteTeamCountry "NED"]

1. Nf3 d5 2. c4 e6 3. d4 Nf6 4. Nc3 h6 5. g3 Nc6 6. Bg2 Bd6 7. c5 ({RR} 7. O-O O-O 8. b3 b6 9. Nb5 Ba6 10. Nxd6 cxd6 11. cxd5 exd5 12. Ba3 Qd7 13. Rc1 Rac8 14. Re1 Ne7 15. Nd2 Rxc1 16. Qxc1 Rc8 17. Qb1 Bb7 18. Rc1 Rxc1+ 19. Qxc1 Ba6 20. e3 Bb5 21. Qc2 a5 {½-½ Aronian,L (2781)-Carlsen,M (2862) Skilling op Prelim rapid 2020 (6)}) 7... Be7 8. a3 ({RR} 8. O-O O-O 9. Rb1 a5 10. a3 b6 11. b4 axb4 12. axb4 bxc5 13. dxc5 e5 14. b5 e4 15. bxc6 exf3 16. Bxf3 Be6 17. Be3 Ra6 18. Bd4 Rxc6 19. Qa4 Bd7 20. Qa7 Be6 21. Rfd1 Qc8 22. Bxf6 Bxf6 {1-0 Leenhouts,K (2432)-Ochs,D (2287) WWRR IM 2024 (8.1)}) 8... Ne4 $146 ({RR} 8... a5 9. Qc2 O-O 10. O-O Qd7 11. Rd1 b6 12. Ne5 Qe8 13. cxb6 Nxe5 14. dxe5 Nd7 15. Nb5 Rb8 16. Nxc7 Qd8 17. e4 d4 18. Bd2 a4 19. Ba5 Nc5 20. b4 axb3 21. Qc4 d3 22. Bf1 Qd7 23. Bxd3 {½-½ Botsari,A (2237)-Loukopoulos,P (2067) 50th TCh-GRE 2023 (5.4)}) ({RR} 8... O-O 9. O-O a5 10. Bf4 Ne4 11. Nb5 e5 12. Nxe5 g5 13. Be3 Nxe5 14. dxe5 Nxc5 15. Rc1 Ne6 16. Qxd5 Qxd5 17. Bxd5 c6 18. Bxe6 Bxe6 19. Nc7 Rad8 20. Nxe6 fxe6 21. Rfd1 a4 22. Rxd8 Rxd8 23. Rc4 {1-0 Erigaisi,A (2701)-Boyer,M (2453) PRO League Prelim 2023 (1.2)}) 9. Qc2 f5 10. Bf4 g5 11. Be3 Bf6 12. Rd1 Qe7 13. b4 a6 14. Nd2 Nxd2 15. Qxd2 Qg7 16. f3 Bd7 17. Bf2 Rd8 18. e3 Bc8 19. f4 h5 20. fxg5 Bxg5 21. Bf3 h4 22. Qe2 h3 23. g4 O-O 24. gxf5 Rxf5 25. Bg4 Rf6 26. Rg1 Rdf8 27. Bg3 Kh8 28. Rd3 Qh7 29. Kd1 Bh4 30. e4 Bxg3 31. Rgxg3 Rf1+ 32. Kc2 R1f2 33. Rxh3 dxe4 34. Rxh7+ Kxh7 35. Nxe4 Rxe2+ 36. Bxe2 e5 37. dxe5 Nxe5 38. Re3 Kg6 39. Ng3 Ng4 40. Re7 Nxh2 41. Rxc7 Kg5 42. Ne4+ Kf4 43. Nd6 1-0

[Event "45th Olympiad 2024"]
[Site "Budapest HUN"]
[Date "2024.09.14"]
[Round "4.14"]
[Board "4"]
[White "Zlatkov, Anton"]
[Black "L'Ami, Erwin"]
[Result "1/2-1/2"]
[WhiteElo "2346"]
[BlackElo "2628"]
[PlyCount "104"]
[EventDate "2024.09.11"]
[WhiteTeam "North Macedonia"]
[BlackTeam "Netherlands"]
[BlackTeamCountry "NED"]

1. Nf3 d5 2. g3 Nf6 3. Bg2 c6 4. c4 dxc4 5. O-O e6 6. a4 a5 ({RR} 6... Nbd7 7. Qc2 e5 8. Qxc4 Nc5 9. Ng5 Ne6 10. d3 a5 11. Na3 Nxg5 12. Bxg5 h6 13. Bxf6 Qxf6 14. f4 exf4 15. Rxf4 Qxb2 16. Bxc6+ bxc6 17. Qxc6+ Ke7 18. Qc7+ Ke8 19. Qxf7+ Kd8 20. Qd5+ Ke8 21. Rb1 {1-0 Duda,J (2733)-Tabatabaei,M (2712) FIDE World Rapid Team 2024 (12.2)}) 7. Qc2 Na6 $146 ({RR} 7... Be7 8. Qxc4 O-O 9. d4 Na6 10. Rd1 Nb4 11. Ne5 Qb6 12. e4 Rd8 13. Be3 Qa6 14. Qb3 b6 15. Nc3 Bd7 16. f4 Be8 17. Rac1 Rac8 18. Qc4 Qb7 19. Qe2 c5 20. Nc4 cxd4 21. Rxd4 Rxd4 22. Bxd4 {1-0 Leon Hoyos,M (2525)-Lisowski,K (2152) Guingamp op 14th 2010 (6)}) ({RR} 7... Nbd7 8. Qxc4 e5 9. Nc3 Bb4 10. d3 O-O 11. Be3 Re8 12. Ng5 Qe7 13. Rad1 h6 14. Nge4 Ng4 15. Bc1 Nb6 16. Qb3 Be6 17. Qc2 f5 18. Nd2 Rad8 19. Nc4 Nxc4 20. dxc4 e4 21. h3 Ne5 22. b3 {0-1 Carlstedt,J (2339)-Braun,A (2519) GER-chT Betrieb 2009 (5.1)}) 8. Qxc4 Nb4 9. Nc3 Be7 10. d4 O-O 11. Qb3 Nd7 12. Rd1 Qb6 13. Bg5 Bxg5 14. Nxg5 e5 15. d5 h6 16. Nge4 Nxd5 17. Qc4 N7f6 18. Qc5 Nxe4 19. Qxb6 Nxb6 20. Nxe4 Nd5 21. Nc5 Nc7 22. Rac1 Ne6 23. Nd7 Bxd7 24. Rxd7 Rab8 25. Bh3 Rfe8 26. Bxe6 Rxe6 27. Rc7 Kf8 28. Rc5 f6 29. Rxa5 Re7 30. Rxe7 Kxe7 31. Ra7 Kd6 32. Kg2 Kc5 33. a5 Kc4 34. Kf3 Kb3 35. a6 bxa6 36. Rxa6 c5 37. Ke4 c4 38. Rc6 Rd8 39. Rb6+ Kc2 40. Rb4 Rc8 41. Rb7 g6 42. Kd5 Kd2 43. Rb6 Rf8 44. e4 Kd3 45. f4 Rd8+ 46. Kc5 Rc8+ 47. Kd5 Rd8+ 48. Kc5 exf4 49. Rxf6 Rc8+ 50. Kd5 Rd8+ 51. Kc5 Rc8+ 52. Kd5 Rd8+ 1/2-1/2

[Event "45th Olympiad 2024"]
[Site "Budapest HUN"]
[Date "2024.09.14"]
[Round "4.15"]
[Board "1"]
[White "Keymer, Vincent"]
[Black "Amartuvshin, Ganzorig"]
[Result "1-0"]
[WhiteElo "2730"]
[BlackElo "2402"]
[PlyCount "61"]
[EventDate "2024.09.11"]
[WhiteTeam "Germany"]
[BlackTeam "Mongolia"]
[WhiteTeamCountry "GER"]
[BlackTeamCountry "MGL"]

1. Nf3 Nf6 2. b3 d5 3. Bb2 e6 4. e3 c5 5. d4 Nc6 6. Nbd2 Be7 7. dxc5 Bxc5 8. a3 O-O ({RR} 8... a6 9. b4 Be7 10. c4 O-O 11. Rc1 Qd6 12. Be2 Rd8 13. O-O Ng4 14. h3 Bf6 15. Bxf6 Nxf6 16. cxd5 Nxd5 17. Qc2 Bd7 18. Ne4 Qe7 19. Nc5 Be8 20. Rfd1 h6 21. Qb2 Rac8 22. Bc4 Nf6 23. Rxd8 {1-0 Ramirez Alvarez,A (2567)-Buksa,N (2420) Gibraltar Masters 17th 2019 (3)}) 9. b4 ({RR} 9. Bd3 Re8 10. b4 Bd6 11. O-O a6 12. c4 b6 13. Qc2 dxc4 14. Nxc4 Be7 15. Rfd1 Qc7 16. Rac1 Rd8 17. Nce5 {1-0 Koellner,A (2148)-Launert,M (1838) Chessemy Open A 2023 (1.30)}) 9... Be7 10. Bd3 a6 11. Qe2 $146 ({RR} 11. c4 dxc4 12. Bxc4 b5 13. Ba2 Bb7 14. O-O Rc8 15. Rc1 Qd7 16. Qe2 Bd8 17. Rfd1 Qe7 18. Nb3 Bb6 19. Nc5 Bxc5 20. Rxc5 Rfd8 21. Rdc1 h6 22. Nd4 Nxd4 23. Bxd4 Rxc5 24. Rxc5 Nd5 25. h3 Qg5 {½-½ Cech,T (1803)-Torzinski,N (1803) GER-chT North U16 2013 (6.2)}) 11... b5 12. O-O Nd7 13. e4 Nb6 14. Rad1 Bd7 15. Rfe1 Re8 16. e5 Na4 17. Ba1 Bf8 18. h4 g6 19. h5 Bg7 20. Qe3 a5 21. Qf4 axb4 22. axb4 Qe7 23. Rb1 Qf8 24. Nf1 Ne7 25. N1h2 Bh6 26. Ng5 Nf5 27. Ng4 Bg7 28. hxg6 hxg6 29. Bxf5 exf5 30. Qh2 Qe7 31. Nh6+ 1-0

[Event "45th Olympiad 2024"]
[Site "Budapest HUN"]
[Date "2024.09.14"]
[Round "4.15"]
[Board "2"]
[White "Baasansuren, Erdene"]
[Black "Kollars, Dmitrij"]
[Result "0-1"]
[WhiteElo "2368"]
[BlackElo "2659"]
[PlyCount "100"]
[EventDate "2024.09.11"]
[WhiteTeam "Mongolia"]
[BlackTeam "Germany"]
[WhiteTeamCountry "MGL"]
[BlackTeamCountry "GER"]

1. Nf3 d5 2. e3 Nf6 3. c4 e6 4. Nc3 Bd6 5. d4 b6 6. Be2 O-O 7. O-O Bb7 8. b3 Nbd7 9. Bb2 Re8 10. Qc2 a6 11. a4 $146 ({RR} 11. Rfd1 Qe7 12. Rac1 Rac8 13. h3 c5 14. dxc5 bxc5 15. Na4 Ne4 16. Nd2 f5 17. Nc3 Ndf6 18. Nf3 f4 19. Nxe4 Nxe4 20. Bd3 fxe3 21. fxe3 Nf6 22. Rf1 Rf8 23. Ne5 Kh8 24. Qe2 Qc7 25. Ng4 Qe7 {0-1 Ostensen,N (2228)-Amar,E (2567) Kragero Resort Chess 2024 (1.4)}) ({RR} 11. Rad1 Qe7 12. cxd5 exd5 13. Nh4 g6 14. Nf3 Rac8 15. Bd3 Ne4 16. Ne2 Qf6 17. Nf4 g5 18. Nh5 Qg6 19. Ng3 f5 20. Ne5 Nxe5 21. dxe5 Bxe5 22. Bxe5 Rxe5 23. Nxf5 Rxf5 24. f3 b5 25. a4 Qb6 {0-1 Tscheuschner,G (2185)-Lagunow,R (2410) BSV BEM Masters 2023 (3.1)}) 11... c5 12. Rfd1 Rc8 13. h3 Bb8 14. cxd5 exd5 15. Rac1 Qe7 16. Ba3 Qe6 17. Qd2 h6 18. a5 Ne4 19. Nxe4 dxe4 20. Nh2 Qxb3 21. Bg4 Rcd8 22. dxc5 Qxa3 23. c6 Nf8 24. Qc2 Rxd1+ 25. Rxd1 h5 26. Bxh5 Qxa5 27. Bxf7+ Kxf7 28. Qc4+ Re6 29. cxb7 Qc5 30. Qxa6 Rd6 31. Rb1 Nd7 32. Nf1 Qc2 33. Qb5 Nc5 34. Ra1 Qd3 35. Qb4 Qd5 36. Ra8 Qxb7 37. Qc4+ Kg6 38. Ra1 Qd5 39. Qb5 Qc6 40. Qe2 Rd5 41. h4 Kh7 42. f4 exf3 43. Qxf3 Qe6 44. Ra8 Rf5 45. Qd1 Bd6 46. Rd8 Ne4 47. Qd3 Rd5 48. Qb3 Qf6 49. Qc2 Qxd8 50. Qxe4+ Kh8 0-1

[Event "45th Olympiad 2024"]
[Site "Budapest HUN"]
[Date "2024.09.14"]
[Round "4.15"]
[Board "3"]
[White "Donchenko, Alexander"]
[Black "Munkhdalai, Amilal"]
[Result "1/2-1/2"]
[WhiteElo "2638"]
[BlackElo "2374"]
[PlyCount "153"]
[EventDate "2024.09.11"]
[WhiteTeam "Germany"]
[BlackTeam "Mongolia"]
[WhiteTeamCountry "GER"]
[BlackTeamCountry "MGL"]

1. e4 c5 2. Nf3 d6 3. d4 cxd4 4. Nxd4 Nf6 5. Nc3 a6 6. Be3 Ng4 7. Bc1 Nf6 8. Be2 e6 9. Be3 Qc7 10. f4 b5 11. a3 Bb7 12. Bf3 Nbd7 13. Qe2 Be7 14. g4 Nb6 15. g5 Nfd7 16. Rd1 $146 ({RR} 16. O-O Nc4 17. Bc1 g6 18. Kh1 e5 19. Nb3 exf4 20. Bxf4 Nde5 21. Nd5 Bxd5 22. exd5 O-O 23. Nd4 Nxf3 24. Qxf3 Ne5 25. Qb3 Rae8 26. a4 bxa4 27. Rxa4 Ra8 28. Rfa1 Rfb8 29. Qc3 Qb7 30. Nc6 Nxc6 {1-0 Shankland,S (2436)-Darini,P (2263) Wch U18 Vung Tau 2008 (3)}) 16... Nc4 17. Bc1 Nxa3 18. Bg4 g6 19. O-O Nc4 20. b3 Ncb6 21. Bb2 e5 22. Nf3 O-O 23. Nd5 Bxd5 24. exd5 f5 25. gxf6 Bxf6 26. fxe5 Nxe5 27. Nxe5 Bxe5 28. Bxe5 dxe5 29. Rfe1 Rfe8 30. Qe3 Qd6 31. Be6+ Kg7 32. Qc3 Nd7 33. Bxd7 Qxd7 34. Rxe5 Qg4+ 35. Kh1 Kg8 36. Rd4 Qd7 37. Rde4 Rxe5 38. Qxe5 Rf8 39. Qe6+ Qxe6 40. Rxe6 Rf2 41. c4 bxc4 42. bxc4 Rc2 43. d6 Kf7 44. Re7+ Kf8 45. Re5 Rd2 46. c5 a5 47. Re7 a4 48. Ra7 Ke8 49. Rxa4 Rc2 50. Re4+ Kd8 51. Re5 h6 52. h4 Kd7 53. Re7+ Kd8 54. Re5 Kd7 55. Kg1 Kc6 56. Rd5 Kd7 57. Kf1 Kd8 58. Ke1 Rc4 59. Kd2 Rxh4 60. Kd3 Rh1 61. Kc4 Rc1+ 62. Kb5 Kd7 63. Rd4 h5 64. Re4 Rb1+ 65. Kc4 Kc6 66. Re8 Rc1+ 67. Kd4 Rd1+ 68. Kc4 Rc1+ 69. Kb4 Rb1+ 70. Ka4 Rb7 71. Rc8+ Kd7 72. Rg8 Kc6 73. Rc8+ Kd7 74. Rg8 Kc6 75. Rxg6 Kxc5 76. Rg5+ Kxd6 77. Rxh5 1/2-1/2

[Event "45th Olympiad 2024"]
[Site "Budapest HUN"]
[Date "2024.09.14"]
[Round "4.15"]
[Board "4"]
[White "Itgelt, Khuyagtsogt"]
[Black "Svane, Frederik"]
[Result "0-1"]
[WhiteElo "2412"]
[BlackElo "2640"]
[PlyCount "74"]
[EventDate "2024.09.11"]
[WhiteTeam "Mongolia"]
[BlackTeam "Germany"]
[WhiteTeamCountry "MGL"]
[BlackTeamCountry "GER"]

1. d4 Nf6 2. c4 e6 3. g3 Bb4+ 4. Nd2 d5 5. Bg2 a5 6. Ngf3 a4 7. a3 Be7 8. O-O Nc6 9. Qc2 O-O 10. Rd1 Bd7 11. e4 dxe4 $146 ({RR} 11... h6 12. e5 Nh7 13. cxd5 exd5 14. Nb1 Be6 15. Nc3 Qd7 16. Be3 Na5 17. Re1 Nc4 18. Rad1 b5 19. Na2 Bf5 20. Qc3 Be4 21. Nb4 Bxb4 22. Qxb4 Bc2 23. Rc1 Be4 24. Rcd1 Bc2 25. Rc1 {½-½ Gelfand,B (2686)-Movsesian,S (2654) CZE-chT 1920 2019 (5.2)}) 12. Nxe4 Nxe4 13. Qxe4 Na5 14. Ne5 Be8 15. Be3 f6 16. Nd3 Qc8 17. Nf4 Bf7 18. Bh3 f5 19. Qc2 Nb3 20. Rab1 c6 21. Bf1 Bf6 22. c5 Kh8 23. Bc4 Qe8 24. h4 Rd8 25. Re1 Bxd4 26. Bxb3 axb3 27. Qxb3 Bf6 28. Qxb7 e5 29. Nh3 Bd5 30. Bg5 Qh5 31. Bxf6 gxf6 32. Kh2 f4 33. Rg1 Be6 34. gxf4 Rd7 35. Qxc6 Bxh3 36. Kxh3 Rd3+ 37. Rg3 Qf5+ 0-1

[Event "45th Olympiad 2024"]
[Site "Budapest HUN"]
[Date "2024.09.14"]
[Round "4.16"]
[Board "1"]
[White "Mohammad Fahad, Rahman"]
[Black "Vachier-Lagrave, Maxime"]
[Result "0-1"]
[WhiteElo "2419"]
[BlackElo "2731"]
[PlyCount "86"]
[EventDate "2024.09.11"]
[WhiteTeam "Bangladesh"]
[BlackTeam "France"]
[WhiteTeamCountry "BAN"]
[BlackTeamCountry "FRA"]

1. d4 Nf6 2. c4 e6 3. Nf3 d5 4. Nc3 dxc4 5. e4 b5 6. e5 Nd5 7. Nxb5 Nb6 8. a4 Qd7 9. Na3 Bb4+ 10. Bd2 Bxa3 11. Rxa3 a5 12. b3 Nc6 $146 ({RR} 12... cxb3 13. Bb5 c6 14. Bd3 Ba6 15. Qxb3 Bxd3 16. Qxd3 Qd5 17. O-O N8d7 18. Rc1 h6 19. Qc2 O-O 20. Qxc6 Rfc8 21. Qxd5 Rxc1+ 22. Bxc1 Nxd5 23. Bd2 N7b6 24. h4 Nc4 25. Ra1 Rb8 26. Rc1 Nxd2 27. Nxd2 {½-½ Aradhya,G (2392)-Mayank,C (2383) Elegant GM Aspirant 2 2024 (4.1)}) 13. bxc4 Ba6 14. d5 Nb4 15. dxe6 fxe6 16. Qb3 O-O 17. Be2 Rad8 18. Bxb4 axb4 19. Ra2 Bxc4 20. Bxc4 Nxc4 21. O-O Qd5 22. Rc2 Na3 23. Qxd5 Rxd5 24. Rxc7 Rb8 25. h4 Rd3 26. a5 b3 27. a6 b2 28. Rb7 Rxb7 29. axb7 Rb3 30. Nd2 Rxb7 31. Nb1 Nc4 32. f4 Ne3 33. Re1 Nf5 34. Kf2 h5 35. Nd2 Nxh4 36. Rb1 Rb4 37. g3 Nf5 38. Nf3 Kf7 39. Nd2 Ke7 40. Nf3 Kd7 41. Nd2 Kc6 42. Nf3 Kc5 43. Ng5 Kd5 0-1

[Event "45th Olympiad 2024"]
[Site "Budapest HUN"]
[Date "2024.09.14"]
[Round "4.16"]
[Board "2"]
[White "Maurizzi, Marc'Andria"]
[Black "Manon, Reja Neer"]
[Result "1/2-1/2"]
[WhiteElo "2595"]
[BlackElo "2417"]
[PlyCount "56"]
[EventDate "2024.09.11"]
[WhiteTeam "France"]
[BlackTeam "Bangladesh"]
[WhiteTeamCountry "FRA"]
[BlackTeamCountry "BAN"]

1. e4 c6 2. d4 d5 3. e5 Bf5 4. h4 h5 5. Bd3 Bxd3 6. Qxd3 Qa5+ 7. Nd2 e6 8. Ne2 Qa6 9. c4 Ne7 ({RR} 9... Nh6 10. Ng3 c5 11. dxc5 Nc6 12. b3 Ng4 13. Bb2 Bxc5 14. O-O Ncxe5 15. Qe2 Ng6 16. cxd5 Qxe2 17. Nxe2 exd5 18. Bxg7 Rg8 19. Bd4 Bxd4 20. Nxd4 Nxh4 21. Rac1 Kd7 22. Rfd1 Nf6 23. g3 Ng6 24. Rc3 {½-½ Nakamura,H (2736)-Harikrishna,P (2732) Saint Louis Rapid 2020 (8)}) 10. O-O Nf5 ({RR} 10... Nd7 11. b4 dxc4 12. Nxc4 Nf5 13. Bg5 Nb6 14. Rfc1 Bxb4 15. Rab1 Nd5 16. a3 Be7 17. Bxe7 Ndxe7 18. Ng3 O-O 19. Nxh5 Rad8 20. Qd2 Rxd4 21. Qg5 Ng6 22. Nd6 Nxd6 23. exd6 Rxd6 24. Nxg7 Kxg7 25. h5 {0-1 Bubnova,U (1844)-Pham Le Thao Nguyen (2395) Swiss Queens Wed #13 2024 (3.240)}) 11. Rb1 Bb4 $146 ({RR} 11... Nd7 12. b4 b5 13. cxd5 cxd5 14. Nc3 Be7 15. Nxd5 Qc6 16. Nxe7 Kxe7 17. Nf3 Rhc8 18. Bg5+ f6 19. Bf4 Qd5 20. Rbc1 Rc4 21. Rxc4 bxc4 22. Qc3 Nb6 23. Re1 Rc8 24. Bd2 Kf7 25. Qa3 Qb7 26. Bc3 {1-0 Lisenkov,S (2024)-Manelyuk,D (2309) Orsha 2022-2 Masters (8.5)}) ({RR} 11... Nd7 12. b4 Be7 13. b5 Qa5 14. c5 O-O 15. Nf3 f6 16. bxc6 bxc6 17. Rb7 Qd8 18. Nf4 Qc8 19. Nxe6 fxe5 20. Nxf8 e4 21. Qb1 Bxf8 22. Bf4 Nf6 23. Re1 Ne8 24. Rb8 Rxb8 25. Qxb8 Qxb8 26. Bxb8 {1-0 Dubov,D (2702)-Murzin,V (2534) RUS-ch 75th Cheboksary 2022 (9)}) 12. b3 Nxh4 13. a3 Be7 14. b4 Nd7 15. Nc3 g6 16. b5 Qa5 17. bxc6 bxc6 18. cxd5 cxd5 19. Rb7 Rb8 20. Nb3 Qd8 21. Qb5 Rxb7 22. Qxb7 Qb8 23. Qc6 Qxb3 24. Nb5 O-O 25. Qxd7 Nf5 26. Nd6 Bxd6 27. exd6 Qb6 28. Bg5 Qxd6 1/2-1/2

[Event "45th Olympiad 2024"]
[Site "Budapest HUN"]
[Date "2024.09.14"]
[Round "4.16"]
[Board "3"]
[White "Hossain, Enamul"]
[Black "Fressinet, Laurent"]
[Result "0-1"]
[WhiteElo "2354"]
[BlackElo "2616"]
[PlyCount "58"]
[EventDate "2024.09.11"]
[WhiteTeam "Bangladesh"]
[BlackTeam "France"]
[WhiteTeamCountry "BAN"]
[BlackTeamCountry "FRA"]

1. e4 e5 2. Nf3 Nc6 3. Bc4 Nf6 4. d3 Bc5 5. c3 d6 6. a4 a5 7. O-O Ba7 ({RR} 7... h6 8. Re1 O-O 9. h3 Be6 10. Bb5 Na7 11. d4 exd4 12. cxd4 Nxb5 13. dxc5 Na7 14. cxd6 Qxd6 15. Qxd6 cxd6 16. Nc3 Nc6 17. Bf4 d5 18. e5 Ne4 19. Nxe4 dxe4 20. Rxe4 Rfd8 21. Rc1 Rd3 22. Re3 {0-1 Caruana,F (2835)-Carlsen,M (2863) Chessable Masters Final rapid 2020 (1.12)}) 8. Re1 O-O 9. h3 Be6 ({RR} 9... h6 10. Nbd2 Be6 11. Qb3 Qd7 12. Nf1 Bxc4 13. Qxc4 Ne7 14. Be3 Bxe3 15. Nxe3 c6 16. Qb3 Ng6 17. Nc4 Qc7 18. Qb6 Qe7 19. d4 Ra6 20. Qb3 Kh7 21. Rad1 Nxe4 22. Rxe4 d5 23. Ree1 dxc4 24. Qxc4 {1-0 Rusu,A (1695)-Toth,L (2078) 32nd EY Girls U16 2024 (2.27)}) 10. Bxe6 $146 ({RR} 10. Na3 Ne7 11. Qb3 Qd7 12. Ng5 Bxc4 13. Nxc4 Ng6 14. Be3 Nh4 15. Bxa7 Rxa7 16. Qd1 Raa8 17. Nf3 Ng6 18. d4 Rfe8 19. dxe5 Nxe5 20. Nfxe5 dxe5 21. Qxd7 Nxd7 22. Red1 Nc5 23. f3 f6 24. Nxa5 Rxa5 {1-0 Meskenas,P (2297)-Heimisson,H (2382) Copenhagen CC IM 2022 2023 (1.4)}) ({RR} 10. Na3 h6 11. Be3 Bxe3 12. Rxe3 Re8 13. Bb5 Bd7 14. Qb3 Nh5 15. d4 Nf4 16. Rd1 exd4 17. cxd4 Nb4 18. Bxd7 Qxd7 19. Nc2 Qc6 20. Nxb4 axb4 21. d5 Qxa4 22. Qxa4 Rxa4 23. Rc1 f5 24. g3 Nxh3+ {0-1 Saraci,K (2200)-Kacharava,N (2519) 24th European Teams 2023 (6.16)}) 10... fxe6 11. Be3 Bxe3 12. Rxe3 d5 13. Na3 d4 14. Re1 Nh5 15. cxd4 exd4 16. Nb5 Nf4 17. e5 Qe8 18. Nfxd4 Nxd4 19. Nxd4 Rd8 20. Re4 c5 21. Nb5 Qg6 22. Rxf4 Rxf4 23. Qc1 Rdf8 24. Qxc5 Rxf2 25. Qxf2 Rxf2 26. Kxf2 Qxd3 27. Re1 Qc2+ 28. Re2 Qxa4 29. Nd6 b5 0-1

[Event "45th Olympiad 2024"]
[Site "Budapest HUN"]
[Date "2024.09.14"]
[Round "4.16"]
[Board "4"]
[White "Lagarde, Maxime"]
[Black "Murshed, Niaz"]
[Result "1-0"]
[WhiteElo "2598"]
[BlackElo "2318"]
[PlyCount "67"]
[EventDate "2024.09.11"]
[WhiteTeam "France"]
[BlackTeam "Bangladesh"]
[WhiteTeamCountry "FRA"]
[BlackTeamCountry "BAN"]

1. e4 e5 2. Nf3 Nc6 3. Bb5 a6 4. Ba4 Nf6 5. O-O Be7 6. Re1 b5 7. Bb3 d6 8. c3 O-O 9. h3 Bb7 10. d3 h6 11. Be3 ({RR} 11. a3 Re8 12. Nbd2 Bf8 13. Nf1 d5 14. Ng3 Na5 15. Ba2 dxe4 16. dxe4 Qxd1 17. Rxd1 Nxe4 18. Nxe4 Bxe4 19. b4 Bxf3 20. gxf3 Nc4 21. a4 Nd6 22. Bd5 Rab8 23. Be3 Be7 24. Bc6 Red8 25. Bc5 Nf5 {1-0 Demaria,J (2215)-Chiu,I (2226) Titled Tue 10th Sep Late 2024 (1)}) 11... d5 $146 ({RR} 11... Re8 12. Nbd2 a5 13. Nf1 Nh7 14. Ng3 Bg5 15. Nf5 Bc8 16. Bd5 Qd7 17. Nxg5 Nxg5 18. Bxg5 hxg5 19. Qg4 Rf8 20. Qxg5 g6 21. Bxc6 Qe6 22. Bd5 Qd7 23. Qxg6+ Kh8 24. Qg7# {1-0 Nguyen,H (2073)-Tran,T VIE-chT Super 2004 (3)}) ({RR} 11... Na5 12. Bc2 c5 13. Nbd2 Re8 14. d4 Qc7 15. d5 c4 16. Nf1 Bc8 17. b4 cxb3 18. axb3 Nb7 19. Qd2 Nc5 20. Ng3 a5 21. b4 Ncd7 22. Bd3 Bb7 23. Bxb5 Rec8 24. Rec1 axb4 25. Rxa8 Rxa8 26. cxb4 {1-0 Durarbayli,V (2606)-Chirila,I (2536) Titled Tuesday intern op 12th May blitz 2020 (3)}) ({RR} 11... Re8 12. Nbd2 Bf8 13. Bc2 d5 14. exd5 Nxd5 15. d4 Nxe3 16. Rxe3 exd4 17. Rxe8 Qxe8 18. Nxd4 Nxd4 19. cxd4 Qe6 20. Nf3 Bd6 21. Qd3 g6 22. Bb3 Qe4 23. Qxe4 Bxe4 24. Ne5 Bxe5 25. dxe5 Rd8 26. e6 {½-½ Gaure,S (1504)-Rolstad,M (1668) Fagernes TV2 Elo op 2017 (4)}) 12. Nbd2 d4 13. cxd4 exd4 14. Bf4 Na5 15. Bc2 c5 16. Nf1 Re8 17. Rc1 Bf8 18. Ng3 Bc8 19. b4 cxb4 20. Bb1 Ra7 21. Ne2 Nd7 22. Nexd4 Nc5 23. Nb3 Naxb3 24. axb3 Be6 25. Bc2 f5 26. Ne5 Qf6 27. exf5 Bxf5 28. Bg3 Ne6 29. d4 Bxc2 30. Rxc2 a5 31. Rce2 Nc7 32. d5 Ra6 33. Nd7 Qf7 34. Nxf8 1-0

[Event "45th Olympiad 2024"]
[Site "Budapest HUN"]
[Date "2024.09.14"]
[Round "4.17"]
[Board "1"]
[White "Ziska, Helgi Dam"]
[Black "Deac, Bogdan-Daniel"]
[Result "1/2-1/2"]
[WhiteElo "2553"]
[BlackElo "2680"]
[PlyCount "79"]
[EventDate "2024.09.11"]
[WhiteTeam "Faroe Islands"]
[BlackTeam "Romania"]
[WhiteTeamCountry "FAI"]
[BlackTeamCountry "ROU"]

1. e4 e5 2. Nf3 Nc6 3. Bb5 a6 4. Ba4 Nf6 5. O-O Bc5 6. c3 b5 7. Bb3 d6 8. d4 Bb6 9. Be3 O-O 10. Nbd2 Re8 11. Re1 h6 12. h3 Rb8 13. a3 Na5 14. Bc2 c5 15. dxe5 dxe5 16. b4 cxb4 17. axb4 Nc6 18. Nb3 Bxe3 19. Rxe3 Qb6 $146 ({RR} 19... Qc7 20. Nh4 Rd8 21. Qc1 Nh5 22. Nf5 Nf4 23. Kh2 g6 24. Nh4 Qe7 25. Nf3 Qf6 26. Nc5 Rb6 27. Bb3 Kg7 28. Ng1 Nb8 29. Rf3 Qe7 30. Qe3 Rbd6 31. Ne2 Ne6 32. Nc1 Ng5 33. Rg3 Qf6 34. N1d3 {0-1 Wang,J (2380)-Gu,T (2255) CHN-chT China 2016 (18.3)}) 20. Qe1 Ra8 21. Na5 Nxa5 22. Rxa5 Nh5 23. Bd3 Rb8 24. Bf1 Nf4 25. c4 bxc4 26. Nxe5 Qxb4 27. Qa1 Qb1 28. Nxc4 Rd8 29. Re1 Qxa1 30. Rexa1 Rb4 31. e5 Ng6 32. Nd6 Be6 33. Bxa6 Nxe5 34. Rxe5 Rxd6 35. Bf1 g6 36. Ree1 Rb2 37. Re2 Rxe2 38. Bxe2 Kg7 39. Rd1 Rxd1+ 40. Bxd1 1/2-1/2

[Event "45th Olympiad 2024"]
[Site "Budapest HUN"]
[Date "2024.09.14"]
[Round "4.17"]
[Board "2"]
[White "Shevchenko, Kirill"]
[Black "Nielsen, Hogni Egilstoft"]
[Result "1-0"]
[WhiteElo "2673"]
[BlackElo "2379"]
[PlyCount "35"]
[EventDate "2024.09.11"]
[WhiteTeam "Romania"]
[BlackTeam "Faroe Islands"]
[WhiteTeamCountry "ROU"]
[BlackTeamCountry "FAI"]

1. c4 Nf6 2. Nc3 c5 3. Nf3 Nc6 4. e3 e6 5. d4 d5 6. a3 dxc4 7. Bxc4 cxd4 8. exd4 Be7 9. O-O O-O 10. Re1 a6 11. Ba2 b5 12. d5 exd5 13. Nxd5 Nxd5 14. Qxd5 Bb7 15. Qh5 Bf6 ({RR} 15... Qd6 16. Bg5 Rad8 17. Rac1 Bxg5 18. Nxg5 Qg6 19. Qxg6 hxg6 20. h4 Rd2 21. Rcd1 Rxd1 22. Rxd1 Ne5 23. Rd4 Ba8 24. Rd6 Bb7 25. Rb6 Bc8 26. Bd5 Nc4 27. Bxc4 bxc4 28. Rc6 f6 29. Ne4 Rd8 30. Rxc4 {1-0 Vavric,P (2312)-Chen,H (2092) Romania GP Brasov 2024 (9.17)}) 16. Bg5 $146 ({RR} 16. Ng5 Bxg5 17. Bxg5 Qd6 18. Rad1 Qc7 19. Re4 Rae8 20. Bf6 Ne7 21. Rh4 h6 22. Qxh6 gxh6 23. Rg4+ Kh7 24. Rg7+ Kh8 25. Bb1 Nd5 26. Rh7+ {1-0 Jacobson,A (2311)-Lorne,R (2159) Charlotte CCCSA Summer IM-B 2019 (6)}) 16... Nd4 17. Ne5 g6 18. Nxg6 1-0